Từ điển bách khoa nông nghiệp

Gorde:
Xehetasun bibliografikoak
Formatua: Liburua
Hizkuntza:Undetermined
Argitaratua: Hà Nội Trung tâm Quốc gia biên soạn từ điển Bách khoa Việt Nam 1991
Gaiak:
Etiketak: Etiketa erantsi
Etiketarik gabe, Izan zaitez lehena erregistro honi etiketa jartzen!
Thư viện lưu trữ: Trung tâm Học liệu Trường Đại học Cần Thơ
LEADER 00597nam a2200169Ia 4500
001 CTU_20309
008 210402s9999 xx 000 0 und d
082 |a 630.3 
082 |b T550 
245 0 |a Từ điển bách khoa nông nghiệp 
245 0 |c Hội đồng quốc gia biên soạn từ điển bách khoa Việt Nam 
260 |a Hà Nội 
260 |b Trung tâm Quốc gia biên soạn từ điển Bách khoa Việt Nam 
260 |c 1991 
650 |a Agriculture 
650 |x Dictionaries 
980 |a Trung tâm Học liệu Trường Đại học Cần Thơ